000
00333nam a2200121Ia 4500
008
231221s9999 xx 000 0 und d
041
_a
English
082
_a
621.3811 FEH;3
100
_a
Feher, Kamilo
245
0
_a
Wireless digital communications: Modu-
650
_a
Wireless communications Digital communications
942
_c
FP
999
_c
207359
_d
207359